Music Quiz

Random Music or Clickable Quiz

Sung Titles: The Beatles Quiz Stats

 Plays Quiz Updated Nov 15, 2012

Challenge
Share
Tweet
Embed
Score 0/35 Timer 05:00
13 Plays Today
% Correct
Let It Be
91.1%
A Hard Day's Night
91%
Hey Jude
90.4%
Yesterday
90.2%
Can't Buy Me Love
89%
Help!
86.8%
With a Little Help from My Friends
86.8%
Yellow Submarine
86.7%
Ob-La-Di, Ob-La-Da
86.1%
Revolution
84.8%
Paperback Writer
83.9%
Something
83.8%
I Am the Walrus
83.6%
Drive My Car
83.3%
Eleanor Rigby
83.1%
Octopus's Garden
82%
Come Together
81.9%
Day Tripper
81.3%
% Correct
Sgt. Pepper's Lonely Hearts Club Band
80.6%
Love Me Do
79.4%
Get Back
79%
I Want to Hold Your Hand
78.9%
Lucy in the Sky with Diamonds
78.1%
I Feel Fine
77.4%
The Long and Winding Road
76.6%
Lady Madonna
75.7%
Here Comes the Sun
74.9%
She Loves You
74.7%
Penny Lane
74.4%
Strawberry Fields Forever
73.3%
Glass Onion
71.3%
Back in the USSR
71%
All You Need Is Love
66.5%
Because
61.4%
Helter Skelter
58.2%

You're not logged in!

Compare scores with friends on all Sporcle quizzes.
Join for Free
OR
Log In

You Might Also Like...

Show Comments

Extras

Top Quizzes Today


Score Distribution

Your Account Isn't Verified!

In order to create a playlist on Sporcle, you need to verify the email address you used during registration. Go to your Sporcle Settings to finish the process.

Report this User

Report this user for behavior that violates our Community Guidelines.

Details: